000 00624nam a2200229Ia 4500
003 OSt
005 20220924113133.0
006 a|||||r|||| 00| 0
007 ta
008 220923b |||||||| |||| 00| 0 eng d
024 _a63878
037 _cDictionary
040 _aARTS
_cARTS
_beng
041 _2eng
_aeng
082 _aQ2:4:P15:4k, K3-;1
100 _aBanerji Sures Chandra
245 0 _aGlossary of smriti literature
260 _aCalcutta
_bPunthi Pustak
_c1963
650 _aRELIGION
942 _hQ2:4:P15:4k, K3-;1
_cdic
_2cc
999 _c389343
_d389343